| Tag |
First Indicator |
Second Indicator |
Subfields |
| LEADER |
00000cam a2200000 a 4500 |
| 001 |
in00002147366 |
| 006 |
m e d # |
| 007 |
cr mn mmmmabba |
| 008 |
810622s1792 pau s f000 0 eng d |
| 005 |
20260331143030.6 |
| 035 |
|
|
|z w010256
|
| 035 |
|
|
|a MAAR8106224404B
|
| 035 |
|
|
|9 mwa91-31318
|
| 035 |
|
|
|a 346436
|
| 035 |
|
|
|a aas03010256
|
| 040 |
|
|
|a MWA
|c MWA
|e bdrb
|d UtOrBLW
|
| 110 |
1 |
|
|a United States.
|
| 240 |
1 |
0 |
|a Act for ascertaining the bounds
|
| 245 |
1 |
0 |
|a Second Congress of the United States: At the first session, begun and held at the city of Philadelphia, in the state of Pennsylvania, on Monday the twenty-fourth of October, one thousand seven hundred and ninety-one :
|b An act for ascertaining the bounds of a tract of land purchased by John Cleves Symmes.
|
| 264 |
|
3 |
|a [Philadelphia] :
|b [Printed by Childs and Swaine],
|c [1792]
|
| 300 |
|
|
|a 1 sheet (1 unnumbered page) ;
|c 35 x 22 cm.
|
| 336 |
|
|
|a text
|b txt
|2 rdacontent
|
| 337 |
|
|
|a computer
|b c
|2 rdamedia
|
| 338 |
|
|
|a online resource
|b cr
|2 rdacarrier
|
| 500 |
|
|
|a "Approved, April twelfth, 1792."
|
| 500 |
|
|
|a Francis Childs and John Swaine were printers to the Congress in 1792.
|
| 500 |
|
|
|a Printed area measures 17.3 x 13.0 cm.
|
| 510 |
4 |
|
|a Bristol
|c B8208
|
| 510 |
4 |
|
|a Shipton & Mooney
|c 46627
|
| 530 |
|
|
|a Microform version available in the Readex Early American Imprints series.
|
| 533 |
|
|
|a Electronic text and image data.
|b [Chester, Vt. :
|c Readex, a division of Newsbank, Inc.,
|d 2002-2004.
|e Includes files in TIFF, GIF and PDF formats with inclusion of keyword searchable text.
|f (Early American imprints. First series ; no. 46627).
|
| 500 |
|
|
|a Electronic resource.
|
| 600 |
1 |
0 |
|a Symmes, John Cleves,
|d 1742-1814.
|
| 650 |
|
0 |
|a Land grants
|z Northwest, Old.
|
| 650 |
|
0 |
|a Miami Purchase.
|
| 651 |
|
0 |
|a Northwest, Old
|x History
|y 1775-1865.
|
| 655 |
|
7 |
|a Broadsides.
|2 rbgenr
|
| 740 |
0 |
|
|a Act for ascertaining the bounds of a tract of land purchased by John Cleves Symmes.
|
| 752 |
|
|
|a United States
|b Pennsylvania
|d Philadelphia.
|
| 830 |
|
0 |
|a Early American imprints.
|n Series I,
|p Evans (1639-1800) ;
|v no. 46627.
|
| 856 |
4 |
1 |
|u http://proxy.library.tamu.edu/login?url=https://opac.newsbank.com/select/evans/46627
|y Evans Digital Edition
|t 0
|
| 999 |
|
|
|a MARS
|
| 999 |
f |
f |
|s 3c4dec37-cee5-3b13-b3ce-4eef85dff214
|i 6209c8df-d4e0-33d3-b867-0df049199e13
|t 0
|
| 952 |
f |
f |
|a Texas A&M University
|b College Station
|c Electronic Resources
|s www_evans
|d Available Online
|t 0
|h No information provided
|
| 998 |
f |
f |
|t 0
|l Available Online
|